The enchanted sled / (Record no. 495)

MARC details
000 -LEADER
fixed length control field 00862cam a2200277 a 4500
005 - DATE AND TIME OF LATEST TRANSACTION
control field 20250827142053.0
020 ## - INTERNATIONAL STANDARD BOOK NUMBER
International Standard Book Number 1568461879 (lib. bdg.)
040 ## - CATALOGING SOURCE
Original cataloging agency DLC
Transcribing agency DLC
Modifying agency DLC
-- FISKH
Language of cataloging eng
050 00 - LIBRARY OF CONGRESS CALL NUMBER
Classification number PZ8.3.W133
Item number En 2005
082 00 - DEWEY DECIMAL CLASSIFICATION NUMBER
Classification number 451
Edition number 22
100 1# - MAIN ENTRY--PERSONAL NAME
Personal name Wahl, Jan.
245 14 - TITLE STATEMENT
Title The enchanted sled /
Statement of responsibility, etc. written by Jan Wahl & illustrated by Monique Felix.
250 ## - EDITION STATEMENT
Edition statement 1st ed.
260 ## - PUBLICATION, DISTRIBUTION, ETC.
Place of publication, distribution, etc. Mankato, MN :
Name of publisher, distributor, etc. Creative Editions,
Date of publication, distribution, etc. 2005.
300 ## - PHYSICAL DESCRIPTION
Extent 16 leaves of plates :
Other physical details color illustrations :
Dimensions 27 cm.
505 ## - FORMATTED CONTENTS NOTE
Formatted contents note F
520 ## - SUMMARY, ETC.
Summary, etc. Illustrations and rhyming text extol the joys of a wondrous sled ride.
521 ## - TARGET AUDIENCE NOTE
Target audience note 420<br/>
Source Lexile
521 ## - TARGET AUDIENCE NOTE
Target audience note F <br/>
Source Raz-Plus
650 #1 - SUBJECT ADDED ENTRY--TOPICAL TERM
Topical term or geographic name entry element Sledding
Form subdivision Fiction.
650 #1 - SUBJECT ADDED ENTRY--TOPICAL TERM
Topical term or geographic name entry element Stories in rhyme.
700 1# - ADDED ENTRY--PERSONAL NAME
Personal name Félix, Monique,
Relator term ill.
906 ## - LOCAL DATA ELEMENT F, LDF (RLIN)
a 7
b cbc
c orignew
d 1
e ocip
f 20
g y-gencatlg
942 ## - ADDED ENTRY ELEMENTS (KOHA)
Source of classification or shelving scheme Dewey Decimal Classification
Koha item type Books
Suppress in OPAC No
999 ## -
-- 495
-- 495
Holdings
Withdrawn status Lost status Source of classification or shelving scheme Damaged status Not for loan Collection Home library Current library Shelving location Date acquired Total Checkouts Full call number Barcode Date last seen Date last checked out Price effective from Koha item type Copy number
    Dewey Decimal Classification     Juvenile Fiction Footprints International School Library Network Toul Kork Campus Footprints International School Library Network Toul Kork Campus TK Primary Library Room(4th Floor), Bookcase 1&2, Shelves 1-16, Dark Blue Books 05/03/2023 4 WAH 541 PZ8.W133 FISTK02658 03/14/2025 12/09/2024 05/03/2023 Books  
    Dewey Decimal Classification     Juvenile Fiction Footprints International School Library Network Toul Tom Poung Campus Footprints International School Library Network Toul Tom Poung Campus TTP Primary Dark Blue Bookshelves 08/27/2025   WAH 541 PZ8.W133 FIS03301 08/27/2025   08/27/2025 Books 2